Normal view
MARC view
- Samr Ul Hasnain
Entry Personal Name
001 - CONTROL NUMBER
- control field: 15094
003 - CONTROL NUMBER IDENTIFIER
- control field: NUST
005 - DATE AND TIME OF LATEST TRANSACTION
- control field: 20190619110703.0
008 - FIXED-LENGTH DATA ELEMENTS
- fixed length control field: 190619|| aca||aabn | a|a d
040 ## - CATALOGING SOURCE
- Original cataloging agency: NUST
- Transcribing agency: NUST
100 ## - HEADING--PERSONAL NAME
- Personal name: Samr Ul Hasnain
670 ## - SOURCE DATA FOUND
- Source citation: Work cat.: (NUST): Samr Ul Hasnain, Experimental Validation for Energy Consumption in Conventional Maching of A! Alloy
